000 00511nam a22001817a 4500
999 _c260247
_d260246
003 OSt
005 20230623152513.0
008 230623b xxu||||| |||| 00| 0 eng d
010 _a2004058736
020 _a 0131492624
040 _a DLC
_c DLC
050 _aQA152.3
_b.B648 2006
100 _aBlitzer, Robert.
245 _a Introductory algebra for college students /
_c Robert Blitzer.
250 _a4th Edn.
260 _aUpper Saddle River, N.J. :
_bPearson Prentice Hall,
_cc2006.
942 _2lcc
_cBK